000 00739nam a2200193 a 4500
003 0
005 20250306133221.0
008 090707s19uu xx 00 eng d
050 _aPGS LB 3060.33
_b.J91 2009
100 _aJu, Ye Rin.
245 _aThe relationship of age and language proficiency for middle school students /
_cYe Rin Ju.
260 _aLas PiƱas City, Philippines :
_bSouthville International School and Colleges,
_c2009.
300 _a35 pages :
_billustrations ;
_c28 cm.
504 _aIncludes bibliographical references.
650 _aLanguage proficiency
_vEvaluation.
650 _aLanguage acquisition
_vAge factors.
650 _aEducational tests and measurements
_vLanguage ability.
942 _2lcc
_cPASS
999 _c98180
_d98180